000 00849cab a2200241 4500
001 ABS46415
008 090401t1992 xxu||||| |||| 00| 0 eng d
035 _a(Sirsi) u58112
041 _aeng
100 _aRoskrow, B.
245 _aEnsuring a fast remedy for claims
260 _c1992
350 _a0
490 _aConstruction News
_v(6265) 21 May 1992, 14(1)
520 _aGives the background to the new `Building Insurance against Latent Defects` scheme, a product of a 1988 NEDO report which recommended insurance as an alternative to destructive litigation over post-completion defects.
650 _aBILD SCHEME
650 _aBUILDING INSURANCE AGAINST LATENT DEFECTS
650 _aLATENT DEFECTS INSURANCE
690 _aBUILT ENVIRONMENT-BUILDING PATHOLOGY
690 _aINSURANCE
_96249
942 _n0
948 _c04/03/1997
999 _c35453
_d35453